{"text_format":"2","workbook":"xlsx","n_sheets":1,"sheets":["Sheet"],"not_rendered":{"charts":0,"images":0,"macros":0,"external_links":0,"defined_names":1,"comments":0,"pivot_tables":0},"unopened":[],"bounds":{"document_bytes":16777216,"sheet_cells":100000,"run_cost":"one","rows_first":2000,"rows_last":500,"rows_between":2000,"halvings":0,"cell_chars":16384,"cell_head_chars":4096},"cells_cut":0,"cells_raw":0,"read":"whole","date_system":"1900"}

{"sheet":"Sheet","index":0,"n_rows":60,"n_cols":16,"rows_kept":60,"cut":false,"hidden":false,"merged":[]}
["Partener","Punct de lucru","Nr.","Tip","Data","Data scadenta","Agent","Depozit","Cod articol","Denumire","Cantitate","UM","Pret","Valoare","Valoare TVA","Total"]
["ARAGORN LTD","Sediu social","ARG36057","Factura cumparare UE","2024-08-14","2024-08-14","PAKAI ANDREI","","HNR-014","HARTIE PROTECTIE JETKAD 19gr (ROLL 1.65m, 50kg)",9,"Buc",555.5,4999.5,949.91,4999.5]
["ATLAS DIGITAL SA","Sediu social","INVDN48838","Factura cumparare UE","2024-08-01","2024-08-06","PAKAI ANDREI","","6000005180","ROLAND ASSY,HEAD INKJET SV LEF2-300",4,"Buc",2590.35,10361.39,1968.64,10361.39]
["ATLAS DIGITAL SA","Sediu social","INVDN48838","Factura cumparare UE","2024-08-01","2024-08-06","PAKAI ANDREI","","ROINCMR-790","ROLAND UV PRIMER METAL CMR-790 (1000 ml)",2,"Buc",126.25,252.5,47.98,252.5]
["ATLAS DIGITAL SA","Sediu social","INVDN48838","Factura cumparare UE","2024-08-01","2024-08-06","PAKAI ANDREI","","ROINESL4-4MG","ROLAND MAX2 ESL4-440 MG",1,"Buc",409.05,409.05,77.72,409.05]
["ATLAS DIGITAL SA","Sediu social","INVDN48838","Factura cumparare UE","2024-08-01","2024-08-06","PAKAI ANDREI","","ROINEUV4-BK","ROLAND EUV4 BK",10,"Buc",313.10000000000002,3131,594.89,3131]
["ATLAS DIGITAL SA","Sediu social","INVDN48838","Factura cumparare UE","2024-08-01","2024-08-06","PAKAI ANDREI","","ROINDUA-WH","ROLAND UV INK UG-641 WH, 220cc",20,"Buc",131.30000000000001,2626,498.94,2626]
["ATLAS DIGITAL SA","Sediu social","INVDN48838","Factura cumparare UE","2024-08-01","2024-08-06","PAKAI ANDREI","","ROINDUA5-BK","ROLAND UV INK UG-641 BK, 500cc",2,"Buc",252.5,505,95.95,505]
["ATLAS DIGITAL SA","Sediu social","INVDN48838","Factura cumparare UE","2024-08-01","2024-08-06","PAKAI ANDREI","","ROINDUA5-GL","ROLAND UV INK UG-641 GL, 500cc",2,"Buc",252.5,505,95.95,505]
["ATLAS DIGITAL SA","Sediu social","INVDN48838","Factura cumparare UE","2024-08-01","2024-08-06","PAKAI ANDREI","","ROINTE2-5YE","ROLAND TE2 INK YE 500cc",4,"Buc",214.63,858.5,163.12,858.5]
["ATLAS DIGITAL SA","Sediu social","INVDN48838","Factura cumparare UE","2024-08-01","2024-08-06","PAKAI ANDREI","","ROINDUA5-MG","ROLAND UV INK UG-641 MG, 500cc",2,"Buc",252.5,505,95.95,505]
["ATLAS DIGITAL SA","Sediu social","INVDN48838","Factura cumparare UE","2024-08-01","2024-08-06","PAKAI ANDREI","","ROINDUA5-YE","ROLAND UV INK UG-641 YE, 500cc",2,"Buc",252.5,505,95.95,505]
["ATLAS DIGITAL SA","Sediu social","INVDN48838","Factura cumparare UE","2024-08-01","2024-08-06","PAKAI ANDREI","","ROINTE2-5MG","ROLAND TE2 INK MG 500cc",2,"Buc",214.63,429.25,81.56,429.25]
["ATLAS DIGITAL SA","Sediu social","INVDN48838","Factura cumparare UE","2024-08-01","2024-08-06","PAKAI ANDREI","","1000016254","ROLAND PAD,CUTTER CG1107 for GR-640",2,"Buc",108.32,216.65,41.16,216.65]
["ATLAS DIGITAL SA","Sediu social","INVDN48838","Factura cumparare UE","2024-08-01","2024-08-06","PAKAI ANDREI","","1000007062","ROLAND PAD,CUTTER GX-640",2,"Buc",111.61,223.21,42.42,223.21]
["ATLAS DIGITAL SA","Sediu social","INVDN48838","Factura cumparare UE","2024-08-01","2024-08-06","PAKAI ANDREI","","1000006713","ROLAND PAD,CUTTER VS-640",1,"Buc",105.04,105.04,19.95,105.04]
["ATLAS DIGITAL SA","Sediu social","INVDN49017","Factura cumparare UE","2024-08-08","2024-08-13","PAKAI ANDREI","","ROINESL4-4YE","ROLAND MAX2 ESL4-440 YE",2,"Buc",409.05,818.1,155.44,818.1]
["ATLAS DIGITAL SA","Sediu social","INVDN49017","Factura cumparare UE","2024-08-08","2024-08-13","PAKAI ANDREI","","ROINTE2-7MG","ROLAND TE2 INK MG 750cc",5,"Buc",297.95,1489.75,283.05,1489.75]
["ATLAS DIGITAL SA","Sediu social","INVDN49017","Factura cumparare UE","2024-08-08","2024-08-13","PAKAI ANDREI","","ROINTR2-CL2","ROLAND TR2 CLEANING LIQUID_2 500cc",2,"Buc",232.3,464.6,88.27,464.6]
["ATLAS DIGITAL SA","Sediu social","INVDN49017","Factura cumparare UE","2024-08-08","2024-08-13","PAKAI ANDREI","","ROINDUAP7-BK","ROLAND D-UAP INK POUCH BK, 750cc",5,"Buc",292.89999999999998,1464.5,278.26,1464.5]
["ATLAS DIGITAL SA","Sediu social","INVDN49017","Factura cumparare UE","2024-08-08","2024-08-13","PAKAI ANDREI","","ROINDUAP7-CY","ROLAND D-UAP INK POUCH CY, 750cc",3,"Buc",292.89999999999998,878.7,166.95,878.7]
["ATLAS DIGITAL SA","Sediu social","INVDN49017","Factura cumparare UE","2024-08-08","2024-08-13","PAKAI ANDREI","","ROINDUAP7-MG","ROLAND D-UAP INK POUCH MG, 750cc",5,"Buc",292.89999999999998,1464.5,278.26,1464.5]
["ATLAS DIGITAL SA","Sediu social","INVDN49017","Factura cumparare UE","2024-08-08","2024-08-13","PAKAI ANDREI","","ROINDUAP7-YE","ROLAND D-UAP INK POUCH YE, 750cc",3,"Buc",292.89999999999998,878.7,166.95,878.7]
["ATLAS DIGITAL SA","Sediu social","INVDN49017","Factura cumparare UE","2024-08-08","2024-08-13","PAKAI ANDREI","","ROINDUAP7-GL","ROLAND D-UAP INK POUCH GL, 750cc",3,"Buc",292.89999999999998,878.7,166.95,878.7]
["ATLAS DIGITAL SA","Sediu social","INVDN49017","Factura cumparare UE","2024-08-08","2024-08-13","PAKAI ANDREI","","ROINDUAP7-WH","ROLAND D-UAP INK POUCH WH, 750cc",3,"Buc",323.2,969.6,184.22,969.6]
["ATLAS DIGITAL SA","Sediu social","INVDN49017","Factura cumparare UE","2024-08-08","2024-08-13","PAKAI ANDREI","","ROINEUV5P-7RE","ROLAND EUV5P INK POUCH RE 750cc",1,"Buc",464.6,464.6,88.27,464.6]
["ATLAS DIGITAL SA","Sediu social","INVDN49017","Factura cumparare UE","2024-08-08","2024-08-13","PAKAI ANDREI","","ROCAZEC-J4012-7","ROLAND ZEC-J4012-7",1,"Buc",219.68,219.68,41.76,219.68]
["ATLAS DIGITAL SA","Sediu social","INVDN49017","Factura cumparare UE","2024-08-08","2024-08-13","PAKAI ANDREI","","6700469020","ROLAND ASSY,SCAN MOTOR VP-540",2,"Buc",1066.81,2133.63,405.41,2133.63]
["ATLAS DIGITAL SA","Sediu social","INVDN49079","Factura cumparare UE","2024-08-26","2024-08-31","PAKAI ANDREI","","1000006713","ROLAND PAD,CUTTER VS-640",1,"Buc",105.04,105.04,19.95,105.04]
["ATLAS DIGITAL SA","Sediu social","INVDN49079","Factura cumparare UE","2024-08-26","2024-08-31","PAKAI ANDREI","","ROINEUV4-MG","ROLAND EUV4 MG",7,"Buc",313.10000000000002,2191.6999999999998,416.42,2191.6999999999998]
["ATLAS DIGITAL SA","Sediu social","INVDN49079","Factura cumparare UE","2024-08-26","2024-08-31","PAKAI ANDREI","","ROINEUV4-CY","ROLAND EUV4 CY",8,"Buc",313.10000000000002,2504.8000000000002,475.91,2504.8000000000002]
["ATLAS DIGITAL SA","Sediu social","INVDN49079","Factura cumparare UE","2024-08-26","2024-08-31","PAKAI ANDREI","","ROINEUV4-BK","ROLAND EUV4 BK",5,"Buc",313.10000000000002,1565.5,297.45,1565.5]
["ATLAS DIGITAL SA","Sediu social","INVDN49079","Factura cumparare UE","2024-08-26","2024-08-31","PAKAI ANDREI","","ROINDUAP7-CY","ROLAND D-UAP INK POUCH CY, 750cc",4,"Buc",292.89999999999998,1171.5999999999999,222.6,1171.5999999999999]
["ATLAS DIGITAL SA","Sediu social","INVDN49079","Factura cumparare UE","2024-08-26","2024-08-31","PAKAI ANDREI","","1000023140","ROLAND P-ROLLER,FD16S4(B10) TYPE2-2 (INT)",3,"Buc",147.71,443.14,84.18,443.14]
["ATLAS DIGITAL SA","Sediu social","INVDN49079","Factura cumparare UE","2024-08-26","2024-08-31","PAKAI ANDREI","","ROINEUV5P-7OR","ROLAND EUV5P INK POUCH OR 750cc",1,"Buc",464.6,464.6,88.27,464.6]
["ATLAS DIGITAL SA","Sediu social","INVDN49079","Factura cumparare UE","2024-08-26","2024-08-31","PAKAI ANDREI","","ROINDUAP7-YE","ROLAND D-UAP INK POUCH YE, 750cc",4,"Buc",292.89999999999998,1171.5999999999999,222.6,1171.5999999999999]
["ATLAS DIGITAL SA","Sediu social","INVDN49079","Factura cumparare UE","2024-08-26","2024-08-31","PAKAI ANDREI","","ROINDUAP7-BK","ROLAND D-UAP INK POUCH BK, 750cc",2,"Buc",292.89999999999998,585.79999999999995,111.3,585.79999999999995]
["ATLAS DIGITAL SA","Sediu social","INVDN49079","Factura cumparare UE","2024-08-26","2024-08-31","PAKAI ANDREI","","ROINDUAP7-MG","ROLAND D-UAP INK POUCH MG, 750cc",2,"Buc",292.89999999999998,585.79999999999995,111.3,585.79999999999995]
["ATLAS DIGITAL SA","Sediu social","INVDN49079","Factura cumparare UE","2024-08-26","2024-08-31","PAKAI ANDREI","","6000004658","ROLAND ASSY,CAP-TOP SV CG2076",6,"Buc",216.65,1299.8699999999999,247,1299.8699999999999]
["ATLAS DIGITAL SA","Sediu social","INVDN49079","Factura cumparare UE","2024-08-26","2024-08-31","PAKAI ANDREI","","1000025142","ROLAND ASSY,DAMPER DOUBLE CIR 3 CG2075",6,"Buc",216.65,1299.8699999999999,247,1299.8699999999999]
["ATLAS DIGITAL SA","Sediu social","INVDN49079","Factura cumparare UE","2024-08-26","2024-08-31","PAKAI ANDREI","","1000007739","ROLAND PAD,CUTTER BN-20",3,"Buc",32.83,98.48,18.739999999999998,98.48]
["ATLAS DIGITAL SA","Sediu social","INVDN49079","Factura cumparare UE","2024-08-26","2024-08-31","PAKAI ANDREI","","ROCAXD-CH3","ROLAND XD-CH3",3,"Buc",242.4,727.2,138.16999999999999,727.2]
["ATLAS DIGITAL SA","Sediu social","INVDN49079","Factura cumparare UE","2024-08-26","2024-08-31","PAKAI ANDREI","","ROINESL3-4YE","ROLAND ESL3-440 YE",2,"Buc",409.05,818.1,155.44,818.1]
["ATLAS DIGITAL SA","Sediu social","INVDN49079","Factura cumparare UE","2024-08-26","2024-08-31","PAKAI ANDREI","","ROCAZS-35S","ROLAND ZS-35S SPINDLE UNIT",1,"Buc",1363.5,1363.5,259.07,1363.5]
["ATLAS DIGITAL SA","Sediu social","INVDN49079","Factura cumparare UE","2024-08-26","2024-08-31","PAKAI ANDREI","","1000012719","ROLAND DAMPER,INK VS-640_1",10,"Buc",292.14,2921.43,555.1,2921.43]
["BROTHER INT INDUSTRIEMASCHINEN GMBH","Sediu social","BR3140188611","Factura cumparare UE","2024-08-09","2024-08-14","PAKAI ANDREI","","BGCX40W07000022","BROTHER GTX INK WHITE 700cc (2 pcs)",30,"Buc",1236.8499999999999,37105.379999999997,7050,37105.379999999997]
["BROTHER INT INDUSTRIEMASCHINEN GMBH","Sediu social","BR3140188611","Factura cumparare UE","2024-08-09","2024-08-14","PAKAI ANDREI","","BGCX40W020K0032","BROTHER GTX INK 18L WHITE (GTX BULK)",2,"Buc",8650.65,17301.3,3287.25,17301.3]
["BROTHER INT INDUSTRIEMASCHINEN GMBH","Sediu social","BR3140188611","Factura cumparare UE","2024-08-09","2024-08-14","PAKAI ANDREI","","BGCX40P020K0032","BROTHER GTX PRE-TREATMENT 20Kg (17,5 Lt)",10,"Buc",2116.96,21169.599999999999,4022.22,21169.599999999999]
["BROTHER INT INDUSTRIEMASCHINEN GMBH","Sediu social","BR3140188611","Factura cumparare UE","2024-08-09","2024-08-14","PAKAI ANDREI","","SB7004101","BROTHER FULL MAINTENANCE KIT (GTX)",4,"Buc",190.89,763.56,145.09,763.56]
["BROTHER INT INDUSTRIEMASCHINEN GMBH","Sediu social","BR3140188611","Factura cumparare UE","2024-08-09","2024-08-14","PAKAI ANDREI","","SC0935001","BROTHER FLUSHING FOAM SET (PRO)",4,"Buc",60.1,240.38,45.65,240.38]
["BROTHER INT INDUSTRIEMASCHINEN GMBH","Sediu social","BR3140188611","Factura cumparare UE","2024-08-09","2024-08-14","PAKAI ANDREI","","SB5678101","BROTHER FILTER FELT KIT (GT3)",4,"Set",96.96,387.84,73.680000000000007,387.84]
["BROTHER INT INDUSTRIEMASCHINEN GMBH","Sediu social","BR3140189011","Factura cumparare UE","2024-08-28","2024-09-02","PAKAI ANDREI","","BGCX40K03500112","BROTHER GTX INK BLACK 350cc",2,"Buc",441.88,883.75,167.91,883.75]
["BROTHER INT INDUSTRIEMASCHINEN GMBH","Sediu social","BR3140189011","Factura cumparare UE","2024-08-28","2024-09-02","PAKAI ANDREI","","BGCX40C03500112","BROTHER GTX INK CYAN 350cc",2,"Buc",441.88,883.75,167.91,883.75]
["BROTHER INT INDUSTRIEMASCHINEN GMBH","Sediu social","BR3140189011","Factura cumparare UE","2024-08-28","2024-09-02","PAKAI ANDREI","","BGCX40M03500112","BROTHER GTX INK MAGENTA 350cc",2,"Buc",441.88,883.75,167.91,883.75]
["BROTHER INT INDUSTRIEMASCHINEN GMBH","Sediu social","BR3140189011","Factura cumparare UE","2024-08-28","2024-09-02","PAKAI ANDREI","","BGCX40Y03500112","BROTHER GTX INK YELLOW 350cc",2,"Buc",441.88,883.75,167.91,883.75]
["BROTHER INT INDUSTRIEMASCHINEN GMBH","Sediu social","BR3140189011","Factura cumparare UE","2024-08-28","2024-09-02","PAKAI ANDREI","","BGCX40W07000022","BROTHER GTX INK WHITE 700cc (2 pcs)",2,"Buc",1300.8800000000001,2601.7600000000002,494.34,2601.7600000000002]
["STAHLS EUROPE GMBH","Sediu social","204415","Factura cumparare UE","2024-08-05","2024-08-05","PAKAI ANDREI","","STL-013651","ST HOTRONIX FUSION iQ 40x50",1,"Buc",10024.25,10024.25,1904.61,10024.25]
["STAHLS EUROPE GMBH","Sediu social","204415","Factura cumparare UE","2024-08-05","2024-08-05","PAKAI ANDREI","","STL-125288","ST PROTECTION COVER for HEAT PLATEN",3,"Buc",227.25,681.75,129.53,681.75]
["STAHLS EUROPE GMBH","Sediu social","ST0204726","Factura cumparare UE","2024-08-29","2024-08-29","PAKAI ANDREI","","STL-N-4-1172-BLACK","ST SP, STX HOUSING",1,"Buc",102.31,102.31,19.440000000000001,102.31]
[{"$nulls":13},{"$f":"SUBTOTAL(9,N57:N59)","v":10808.31},{"$f":"SUBTOTAL(9,O57:O59)","v":2053.58},{"$f":"SUBTOTAL(9,P57:P59)","v":10808.31}]